000
00328nam a22001457a 4500
008
210527b ||||| |||| 00| 0 eng d
020
_a
9780895031471
041
_a
eng
080
_a
159.9
082
_a
159.9
100
_a
48
101
_a
PSI
245
_a
Au Kinds of Love Experiencing Hospice
_c
Jaffe,C
942
_2
udc
_c
BK
999
_c
57746
_d
57746